Mistake worth making: (Record no. 45604)

MARC details
000 -LEADER
fixed length control field 00706nam a22001937a 4500
005 - DATE AND TIME OF LATEST TRANSACTION
control field 20100914113247.0
020 ## - INTERNATIONAL STANDARD BOOK NUMBER
International Standard Book Number 9780736041713
Terms of availability 930.00
037 ## - SOURCE OF ACQUISITION
Source of stock number/acquisition UBH
082 ## - DEWEY DECIMAL CLASSIFICATION NUMBER
Classification number 796.019
100 ## - MAIN ENTRY--PERSONAL NAME
Personal name Holden-Brown, Susan
245 ## - TITLE STATEMENT
Title Mistake worth making:
Remainder of title how to turn sports errore inte athletic excellence /
Statement of responsibility, etc by Susan Halden-Brown
260 ## - PUBLICATION, DISTRIBUTION, ETC. (IMPRINT)
Place of publication, distribution, etc Champaign
Name of publisher, distributor, etc Human Kinetics
Date of publication, distribution, etc 2003
270 ## - ADDRESS
Address P.O. Box, 5076,
City Champaign
300 ## - PHYSICAL DESCRIPTION
Extent vi, 297p.
Other physical details photos
Dimensions 25cm(pbk)
500 ## - GENERAL NOTE
General note Includes index
942 ## - ADDED ENTRY ELEMENTS (KOHA)
Source of classification or shelving scheme Dewey Decimal Classification
Item type English Books
Classification part 796.019
Call number suffix HAL
Holdings
Withdrawn status Lost status Not for loan Collection code Home library Current library Date acquired Cost, normal purchase price Full call number Copy number Cost, replacement price Koha item type
    Ordered Non-fiction Andrews Gunj Andrews Gunj 14/09/2010 930.00 796.019 HAL 1 930.00 English Books

© Delhi Public Library
Hit Counter
free hit counter